Southville International School and Colleges
Your cart is empty.
  • Cart
  • Lists
    Public lists Eva Luna New books Lux_list list_1
    Your lists Log in to create your own lists
  • Log in to your account
  • Your cookies
  • Search history
Southville International School and Colleges
  • Advanced search
  • Recent comments
  • Most popular
  • Libraries

Log in to your account

Log in with GOOGLE


If you do not have an external account, but do have a local account, you can still log in:

  1. Home
  2. MARC view: Idea stormers :
Normal view MARC view ISBD view

Idea stormers : (Record no. 329371)

[ view plain ]
MARC details
000 -LEADER
fixed length control field 01740cam a2200301 a 4500
001 - CONTROL NUMBER
control field 17330536
003 - CONTROL NUMBER IDENTIFIER
control field SISC
005 - DATE AND TIME OF LATEST TRANSACTION
control field 20170418162650.0
008 - FIXED-LENGTH DATA ELEMENTS--GENERAL INFORMATION
fixed length control field 120604s2012 cau b 001 0 eng
010 ## - LIBRARY OF CONGRESS CONTROL NUMBER
LC control number 2012022687
020 ## - INTERNATIONAL STANDARD BOOK NUMBER
International Standard Book Number 9781118134276 (cloth)
040 ## - CATALOGING SOURCE
Original cataloging agency DLC
Transcribing agency DLC
Modifying agency DLC
042 ## - AUTHENTICATION CODE
Authentication code pcc
050 00 - LIBRARY OF CONGRESS CALL NUMBER
Classification number HD 53
Item number .M374 2012
082 00 - DEWEY DECIMAL CLASSIFICATION NUMBER
Classification number 658.4/092
100 1# - MAIN ENTRY--PERSONAL NAME
Personal name Mattimore, Bryan W.
245 10 - TITLE STATEMENT
Title Idea stormers :
Remainder of title how to lead and inspire creative breakthroughs /
Statement of responsibility, etc Bryan W. Mattimore.
250 ## - EDITION STATEMENT
Edition statement 1st edition.
260 ## - PUBLICATION, DISTRIBUTION, ETC. (IMPRINT)
Place of publication, distribution, etc San Francisco :
Name of publisher, distributor, etc Jossey-Bass,
Date of publication, distribution, etc 2012.
300 ## - PHYSICAL DESCRIPTION
Extent x, 244 pages ;
Dimensions 24 cm.
500 ## - GENERAL NOTE
General note Includes bibliographical references and index.
505 0# - FORMATTED CONTENTS NOTE
Formatted contents note A map of the creative mind : embracing seven creative thinking mind-sets -- Beyond brainstorming : understanding individual and group ideation techniques -- Your ideation toolkit : the seven all-time greatest ideation techniques -- Innovation overview : strategies and tools for a successful innovation process -- Real-world challenges : applying ideation techniques and innovation processes -- Idea meets world : navigating the road from good idea to successful innovation -- Thinking like a facilitating leader I : the who, where, and how of planning and leading group ideation sessions -- Thinking like a facilitating leader II : new product ideation session design -- Thinking like a facilitating leader III : five strategies for inventing ideation and innovation processes.
650 #0 - SUBJECT ADDED ENTRY--TOPICAL TERM
Topical term or geographic name as entry element Creative ability in business.
650 #0 - SUBJECT ADDED ENTRY--TOPICAL TERM
Topical term or geographic name as entry element Leadership.
906 ## - LOCAL DATA ELEMENT F, LDF (RLIN)
a 7
b cbc
c orignew
d 1
e ecip
f 20
g y-gencatlg
942 ## - ADDED ENTRY ELEMENTS (KOHA)
Source of classification or shelving scheme Library of Congress Classification
Koha item type Books
Holdings
Withdrawn status Lost status Source of classification or shelving scheme Damaged status Home library Current library Shelving location Date acquired Source of acquisition Sub Shelving location Total Checkouts Total Renewals Full call number Barcode Date last seen Date checked out Price effective from Koha item type
    Library of Congress Classification   College Library College Library Graduate Section 04/18/2017 Library Fund   1 15 HD 53 .M374 2012 C20858 04/23/2018 02/02/2018 04/18/2017 Books

Idea stormers :

APA

Mattimore B. W., . (2012). Idea stormers. San Francisco: Jossey-Bass.

Chicago

Mattimore Bryan W, . 2012. Idea stormers. San Francisco: Jossey-Bass.

Harvard

Mattimore B. W., . (2012). Idea stormers. San Francisco: Jossey-Bass.

MLA

Mattimore Bryan W, . Idea stormers. San Francisco: Jossey-Bass. 2012.

  • Place hold
  • Print
  • Cite
  • Add to your cart (remove)
  • Save record
    BIBTEX Dublin Core MARCXML MARC (non-Unicode/MARC-8) MARC (Unicode/UTF-8) MARC (Unicode/UTF-8, Standard) MODS (XML) RIS
  • More searches
    Search for this title in:
    Other Libraries (WorldCat) Other Databases (Google Scholar) Online Stores (Bookfinder.com) Open Library (openlibrary.org)

Exporting to Dublin Core...

SOUTHVILLE LIBRARY

Southville International School and Colleges Library

1281 Tropical Ave. Cor. Luxembourg St., BF Homes International, Las Pinas City

Tel. No. 8256374 / 252358 Loc. 117/146

Powered by Koha